| 000 | 00920nac a22002411u 4500 | ||
|---|---|---|---|
| 010 | _a 2003066423 | ||
| 020 | _a0131441582 | ||
| 020 | _a0131271997 | ||
| 082 | 0 | 0 |
_a658 _bE165 |
| 090 |
_c4114 _d4114 |
||
| 100 | _aEbert, Ronald J. | ||
| 245 | 1 | 0 |
_aBusiness essentials / _cRonald J. Ebert, Ricky W. Griffin. |
| 250 | _a5th ed. | ||
| 260 |
_aUpper Saddle River, NJ : _bPearson Prentice Hall, _c2005. |
||
| 300 |
_axxxiii, 558 p. : _bcol. ill. ; _c27 cm. |
||
| 500 | _aVarious multi-media instructional tools are available to supplement the text. | ||
| 504 | _aIncludes bibliographical references (p. 511-521) and indexes. | ||
| 650 | 0 |
_aIndustrial management _zUnited States. |
|
| 650 | 0 |
_aBusiness enterprises _zUnited States. |
|
| 700 | 1 | _aGriffin, Ricky W. | |
| 942 |
_cBB _k658E165 |
||
| 999 |
_c4114 _d4114 |
||